[Event "FRA-ch U16 Girls"]
[Site "Aix les Bains"]
[Date "2006.??.??"]
[Round "4"]
[White "Moissidis, Monika"]
[Black "Lefebvre, Stephane"]
[Result "0-1"]
[WhiteElo "1650"]
[BlackElo "1650"]
[PlyCount "69"]
[EventDate "2006.04.16"]
[EventType "swiss"]
[EventRounds "9"]
[EventCountry "FRA"]
[SourceTitle "EXT 2007"]
[Source "ChessBase"]
[SourceDate "2006.11.23"]
[SourceVersion "1"]
[SourceVersionDate "2006.11.23"]
[SourceQuality "1"]

1. e4 e5 2. Nf3 Nc6 3. Bc4 Nf6 4. d4 exd4 5. 0-0 Nxe4 6. Re1 d5 7. Bxd5 Qxd5 8. Nc3 Qf5 9. Nxe4 Be6 10. Nfg5 0-0-0 11. Nxe6 fxe6 12. g4 Qg6 13. Ng5 e5 14. Qf3 Bc5 15. Qe4 Qxe4 16. Rxe4 Rd7 17. Kg2 h6 18. Nf3 Re8 19. a3 Rf7 20. b4 Bd6 21. b5 Na5 22. Nh4 Ref8 23. Nf5 Nc4 24. Nxd6+ cxd6 25. Re2 d5 26. Bd2 Nxd2 27. Rxd2 Rf4 28. h3 Kc7 29. Re1 Kd6 30. Rc1 Rf3 31. Rd3 Rxf2+ 32. Kg1 R8f3 33. Rxf3 Rxf3 34. Rf1 Rxf1+ 35. Kxf1 0-1

[Event "FRA-ch U16 Girls"]
[Site "Aix les Bains"]
[Date "2006.??.??"]
[Round "3"]
[White "Richard, Emma"]
[Black "Moissidis, Monika"]
[Result "0-1"]
[WhiteElo "1990"]
[BlackElo "1650"]
[PlyCount "96"]
[EventDate "2006.04.16"]
[EventType "swiss"]
[EventRounds "9"]
[EventCountry "FRA"]
[SourceTitle "EXT 2007"]
[Source "ChessBase"]
[SourceDate "2006.11.23"]
[SourceVersion "1"]
[SourceVersionDate "2006.11.23"]
[SourceQuality "1"]

1. d4 d6 2. Nf3 Nf6 3. Bg5 Nbd7 4. c4 g6 5. Nc3 Bg7 6. e3 0-0 7. Be2 e5 8. 0-0 c6 9. c5 exd4 10. exd4 dxc5 11. Ne4 Re8 12. Nxc5 Nxc5 13. dxc5 Qxd1 14. Bxd1 Ne4 15. Re1 Bf5 16. Be3 Nxc5 17. Re2 Nd3 18. Bd4 Rxe2 19. Bxe2 Nxb2 20. Bxg7 Kxg7 21. Nd4 Re8 22. Nxf5+ gxf5 23. Kf1 Re7 24. a4 Re4 25. Rb1 Rxa4 26. Ke1 Rb4 27. f3 b5 28. Rc1 Nc4 29. Ra1 a5 30. Bd3 f4 31. Be4 c5 32. Rd1 Ne3 33. Rd2 Rd4 34. Rb2 Rb4 35. Rd2 c4 36. g3 c3 37. Rd7 Rb2 38. Rc7 Rxh2 39. gxf4 c2 40. Rc5 Rh1+ 41. Kd2 c1Q+ 42. Rxc1 Rxc1 43. Kxc1 f5 44. Bc6 b4 45. Kd2 Ng2 46. Kc2 h5 47. Bb5 h4 48. Bf1 Ne3+ 0-1